000 00223nam a22000857a 4500
008 160916b xxu||||| |||| 00| 0 eng d
100 _9546
_aManku.V
245 _aOur Environment-2
260 _aNew Delhi
_bRanchna Publications
_c2010
999 _c3203
_d3203